000 00405pab a2200157 454500
008 180718b2011 xxu||||| |||| 00| 0 eng d
100 _aBhattacharya, Mihir
245 _aMovement and movement: People's creativity in the history of progress
260 _c2011
300 _ap.41-47.
362 _aNov-Dec
650 _aCultural history
773 _aSocial Scientist
908 _aN
909 _a94837
999 _c94837
_d94837